000 00364nam a2200145Ia 4500
008 230917s9999||||xx |||||||||||||| ||und||
040 _e159998
_aMAIN
041 _aEnglish
082 _a338.4791 E75E
100 _aSinha, P C, ed.
245 0 _aEco-tourism and mass tourism
260 _aNew Delhi
_bAnmol Publications
_c2005
300 _a240 p.
942 _cBK
999 _c137749
_d137749